LEADER 00686nab a2200145 i 4500 001 000000279242 003 CaOOAMICUS 005 20130530000000.0 008 130530n xx uu u0 0und r 013 $a30760 040 $aSeMil$bita 245 10$aSettimana dal 20 al 26 maggio. - [92] p. - Titolo dalla copertina. - In copertina :$bSIR 25. anno, 1988-2013 ; Servizi disponibili in rete. 500 $a[N. 2094-2095]. 773 0 $t[2013.$dRoma : Società per l'Informazione Religiosa (SIR), stampa 2013.$w()219848 996 $6245$aSettimana dal 20 al 26 maggio. - [92] p. - Titolo dalla copertina. - In copertina :$bSIR 25. anno, 1988-2013 ; Servizi disponibili in rete.$9(OLS)http://semarc/title/363030 LEADER 00429nab a2200145 i 4500 001 000000310817 003 CaOOAMICUS 005 20180831173021.0 008 180831n xx uu u0 0und r 013 $a19908 040 $aSeMil$bita 100 1 $aCrosta, Clino.$0(OLS)http://semarc/name/12975 245 10$aDei futuribili. 773 0 $t[Gennaio-Giugno].$g162-170,397-406$w()274035 996 $6245$aDei futuribili$9(OLS)http://semarc/title/385481